Glosari teknologi maklumat.
| Format: | Book |
|---|---|
| Published: |
Kuala Lumpur:
Dewan Bahasa dan Pustaka,
1996.
|
| Subjects: |
| LEADER | 00484cam a2200157 7i4500 | ||
|---|---|---|---|
| 001 | 0000006303 | ||
| 005 | 19991025090000.0 | ||
| 002 | ##000007982 | ||
| 020 | 0 | 0 | |a 983-62-4919-2 |
| 090 | 0 | 0 | |a M 004 |b GLO |
| 245 | 0 | 0 | |a Glosari teknologi maklumat. |
| 260 | 0 | 0 | |a Kuala Lumpur: |b Dewan Bahasa dan Pustaka, |c 1996. |
| 300 | 0 | 0 | |a 163 p.. |
| 650 | 0 | 0 | |a Information technology -- |x Glossaries, vocabularies, etc -- |z Malaysia |
| 651 | 0 | 0 | |a Malaysia |
| 999 | |a 0000008039 |b Book |c Open shelf |e Business Information Centre | ||


